I 10 Paesi Più Densamente Popolati d'Europa - Statistics

Statistiche generali
  • Questo quiz è stato fatto 69 volte
  • Il punteggio medio è 8 su 10
Statistiche sulle risposte
densità paese % Corretto
18,812 Monaco
88%
2,273 Città del Vaticano
87%
557 San Marino
87%
263 Lussemburgo
80%
385 Belgio
77%
442 Paesi Bassi
75%
1,723 Malta
68%
236 Germania
67%
250 Liechtenstein
67%
289 Regno Unito
67%
Nessun quiz corrispondente trovato
Distribuzione punteggi
Percentuale di utenti per punteggio
Percentile per numero di risposta
I tuoi punteggi nel tempo
Non hai fatto questo quiz